| 000 | 00525 a2200181 4500 | ||
|---|---|---|---|
| 003 | OSt | ||
| 005 | 20240131105947.0 | ||
| 008 | 240131b |||||||| |||| 00| 0 eng d | ||
| 020 | _a8182712416 | ||
| 040 | _coclc | ||
| 082 |
_a297.5 _bQUA/Q |
||
| 100 |
_aQaradawi, Yusuful _91792 |
||
| 245 |
_aQuaradaviyude Fatwakal: Part-2 / _cYoosuful Quaradavi |
||
| 250 | _a1st ed. | ||
| 260 |
_aKozhikode: _bIslamic Publishing House, _c2006. |
||
| 300 | _a558p. | ||
| 942 |
_2ddc _cBK _h297.5 _iQUA/Q _k297.5 _mQUA/Q |
||
| 999 |
_c43389 _d43389 |
||